000 00359nam a2200133Ia 4500
008 240624s9999 xx 000 0 und d
041 _aeng
082 _a920 RAJ
100 _aRAJAN R V
245 _aCOURAGE MY COMPANION A CANDID AUTOBIOGRA
260 _c2009
_aChennai
_bProductivity and Quality Publishing Pvt.Ltd.
300 _a195 : p.
365 _cRS
_b28
999 _c15189
_d15189